States by Clue - Statistics

General Stats
  • This quiz has been taken 1,441 times
    1,301 since last reset
  • The average score is 20 of 24
Answer Stats
Clues State % Correct
Grand Canyon, McCain, Saguaro Cactus Blossoms Arizona
98%
Walk of Fame, Gold Rush, Redwoods California
94%
Mount St. Helens, Space Needle, Columbia River Washington
94%
Volcanoes, Liliuokalani, Pineapples Hawaii
93%
Lone Star, Barbecue, Was once a country Texas
93%
Mormons, Arches, Salt Lake Utah
92%
Casinos, Silver, Desert Nevada
91%
Crawfish, Jazz, Bayous Louisiana
88%
Devil's Tower, Yellowstone, Lowest Population Wyoming
88%
Panhandle, Tim Tebow, Everglades Florida
87%
Finger Lakes, Stock Exchange, Pizza New York
86%
Cheese, Apostle Islands, Green Bay Wisconsin
84%
Mount Vernon, The Pentagon, Shenandoah Virginia
81%
Hells Canyon, Sacajawea, Potatoes Idaho
80%
Mushrooms, Cheesesteak, Steel Pennsylvania
80%
Coca Cola, Peanuts, Jimmy Carter Georgia
77%
Blue Crabs, Chesapeake Bay, Mason-Dixon Line Maryland
76%
Katahdin, Lobster, Acadia Maine
75%
Serpent Mound, Neil Armstrong, Buckeyes Ohio
74%
Cornhuskers, Kool-Aid, Tornado Alley Nebraska
73%
Voyageurs, Lots of Lakes, Golden Gophers Minnesota
72%
Crater Lake, Willamette Valley, Nike Oregon
68%
Hot Springs, Johnny Cash, Ozark Mountains Arkansas
66%
Vice President, Blue Hens, duPont Delaware
49%
No matching quizzes found
Score Distribution
Percent of People with Each Score
Percentile by Number Answered
Your Score History
You have not taken this quiz since the last reset